Inocent III. a Uhorsko so špeciálnym zreteľom na Slovensko

Podrobná bibliografia
Hlavný autor: Štulrajterová, Katarína (Autor)
Médium: Článok
Jazyk:slovenčina
ISBN:8022406910
Predmet:

MARC

LEADER 00000nab a2200000 a 4500
001 vtls000849261
003 SK-MaSNL
005 20260305014845.0
008 161006c2001 xo 0 slo
015 |a SNBRA2003/10-29246 
035 |a CLN000200916 
040 |a SNKBUCL  |b slo  |c SNKBUCL  |e AACR2 
041 0 |a slo  |b ger 
044 |a xo  |c SK 
080 |a 94(439.2)"12":262.132  |2 1997 
080 |a 94(437.6)"12":262.132  |2 1997 
080 |a 262.132  |2 1997 
100 1 |a Štulrajterová, Katarína  |4 aut  |9 11442 
245 1 0 |a Inocent III. a Uhorsko so špeciálnym zreteľom na Slovensko  |c Katarína Štulrajterová 
504 |a Res. nem. 
504 |a Bibliogr. odkazy a pozn. 
600 0 7 |a Inocent  |b III.,  |c pápež,  |d ?1160-1216  |x cirkevná moc  |x svetská moc  |2 snkbucl  |9 26101 
610 2 7 |a Rímskokatolícka cirkev  |2 SNKKA  |9 32394 
648 7 |a 13. storočie  |2 SNK  |9 301759 
650 0 7 |a cirkevné úrady  |2 SNKPH  |9 88488 
651 7 |a Uhorsko  |x dejiny  |2 SNKPHgeo  |9 56334 
651 7 |a Slovensko  |x dejiny  |2 SNKPHgeo  |9 13278 
655 7 |a články zo zborníkov  |2 snkbucl  |9 166140 
773 0 |z 8022406910  |t Studia archaeologica slovaca mediaevalia III-IV/2000-2001  |d Bratislava : Veda, 2001  |g S. 171-185 
850 |a Slovenská národná knižnica v Martine 
852 |a SNK  |b KIS3GCP 
958 |a NB 
958 |a NT 
999 |c 3271785  |d 3273715